000 00391 a2200169 4500
001 71932
020 _a8528100685
040 _cAnchieta - Colégio São Paulo
100 _aMachado, Ana Maria
240 1 0 _aBisa Bia, Bisa Bel
_lpor
245 1 0 _aBisa Bia, Bisa Bel
300 _a55[1p.]
362 0 _a1982
440 1 _aSalamandra
650 4 _aLiteratura infanto-juvenil
942 _cBK
999 _c71932
_d71932